Equation-of-state and phase-transition issues in models of ordinary astrophysical matter (Record no. 15931)

MARC details
000 -LEADER
fixed length control field 01112nam a2200253Ia 4500
003 - CONTROL NUMBER IDENTIFIER
control field IN-BaIIA
008 - FIXED-LENGTH DATA ELEMENTS--GENERAL INFORMATION
fixed length control field 211028s9999 xx 000 0 eng d
020 ## - INTERNATIONAL STANDARD BOOK NUMBER
International Standard Book Number 0-7354-0213-2
040 ## - CATALOGING SOURCE
Transcribing agency IIA Library
080 ## - UNIVERSAL DECIMAL CLASSIFICATION NUMBER
Universal Decimal Classification number 524.3(082.2)
Item number EQA
111 ## - MAIN ENTRY--MEETING NAME
Meeting name or jurisdiction name as entry element Conference on Equation-of-State and Phase-Transition Issues in Models of Ordinary Astrophysical Matter
Location of meeting The Netherlands
Date of meeting or treaty signing 2004 June 2 -11
9 (RLIN) 29405
245 #0 - TITLE STATEMENT
Title Equation-of-state and phase-transition issues in models of ordinary astrophysical matter
Remainder of title proceedings of the conference held in Leiden,The Netherlands, 2 - 11 June 2004
Statement of responsibility, etc. edited by Vladan Celebonovic, Werner Dappen and Douglas Gough
260 ## - PUBLICATION, DISTRIBUTION, ETC.
Place of publication, distribution, etc. Melville
Name of publisher, distributor, etc. American Institute of Physics
Date of publication, distribution, etc. 2004
300 ## - PHYSICAL DESCRIPTION
Extent x, 312p.
490 ## - SERIES STATEMENT
Series statement AIP conference proceedings; v. 731
650 ## - SUBJECT ADDED ENTRY--TOPICAL TERM
Topical term or geographic name entry element Astronomical matter
9 (RLIN) 29406
650 ## - SUBJECT ADDED ENTRY--TOPICAL TERM
Topical term or geographic name entry element Solar system
650 ## - SUBJECT ADDED ENTRY--TOPICAL TERM
Topical term or geographic name entry element Stars
700 ## - ADDED ENTRY--PERSONAL NAME
Personal name Celebonovic, Vladan, ed.
9 (RLIN) 29407
700 ## - ADDED ENTRY--PERSONAL NAME
Personal name Dappen, Werner, ed.
9 (RLIN) 29408
700 ## - ADDED ENTRY--PERSONAL NAME
Personal name Gough, Douglas, ed.
9 (RLIN) 29329
710 ## - ADDED ENTRY--CORPORATE NAME
Corporate name or jurisdiction name as entry element American Institute of Physics
9 (RLIN) 2416
942 ## - ADDED ENTRY ELEMENTS (KOHA)
Koha item type Books
Holdings
Withdrawn status Lost status Damaged status Not for loan Home library Current library Shelving location Date acquired Source of acquisition Cost, normal purchase price Total Checkouts Full call number Barcode Date last seen Cost, replacement price Price effective from Koha item type Purchase Price
        IIA Library-Bangalore IIA Library-Bangalore General Stacks 20/07/2005 EDS 7859.75   524.3(082.2)/ EQA 16853 05/11/2021 7859.75 20/07/2005 Books Rs. 7859.75

Powered by Koha